| 000 | 00981cam a2200325Ia 4500 | ||
|---|---|---|---|
| 001 | 48429 | ||
| 005 | 20230410143539.0 | ||
| 008 | 060209s2005 mx 000 0 spa d | ||
| 035 | _a(OCoLC)ocm63677402 | ||
| 040 |
_aDQ$ _bspa _cDQ$ _dXVF |
||
| 020 | _a970701606X | ||
| 020 | _a9789707016064 | ||
| 035 | _a(OCoLC)63677402 | ||
| 050 | 1 | 4 |
_aT 58.5 _bI61 2005 |
| 049 | _aGRAL | ||
| 245 | 1 | 0 |
_aInternet, columna vertebral de la sociedad de la información / _ccoord. Octavio Islas, Claudia Benassini. |
| 260 |
_aMéxico: _bMiguel Ángel Porrua, _c2005. |
||
| 300 |
_a392 p. ; _c21 cm. |
||
| 440 | 0 | _aConocer para decidir | |
| 440 | 0 | _aHumanidades Tec. | |
| 650 | 0 | 4 |
_aInternet _xAspectos Sociales. |
| 650 | 0 | 4 | _aSociedad de la información. |
| 650 | 0 | 4 | _aComputadoras y civilización. |
| 700 | 1 |
_aIslas, Octavio, _ecoord. |
|
| 700 | 1 |
_aBenassini, Claudia, _ecoord. |
|
| 830 | 0 | _aHumanidades Tec. | |
| 942 |
_2lcc _cbk |
||
| 994 |
_aC0 _bDRFGD |
||
| 946 | _acsexposito | ||
| 999 |
_c103673 _d103673 |
||